Spôsoby boja proti jalovosti hovädzieho dobytka /

Hlavní autor: Torda, Martin
Jazyk: Slovenština
Vydáno: Bratislava : Pôdohospodárske vydavateľstvo, 1960
Vydání: 1. vyd.
Edice: Poľnohospodárske aktuality
Témata:
Fyzický popis: 36 s.
Knihy
Uloženo v:
LEADER 01076nam a22003252a 4500
001 001657851
003 CZ BrMZK
005 20190401131620.0
007 ta
008 181127s1960 xo erf||||||||||slo d
040 |a BOA001  |b cze  |e aacr2 
072 7 |a 636  |x Chov zvířat. Živočišná výroba  |2 Konspekt  |9 24 
080 |a 636.2  |2 MRF 
080 |a 636.08  |2 MRF 
080 |a (035)  |2 MRF 
100 1 |a Torda, Martin  |7 jx20050726079  |4 aut 
245 1 0 |a Spôsoby boja proti jalovosti hovädzieho dobytka /  |c Martin Torda 
250 |a 1. vyd. 
260 |a Bratislava :  |b Pôdohospodárske vydavateľstvo,  |c 1960 
300 |a 36 s. 
490 1 |a Poľnohospodárske aktuality ;  |v zv. 19 
504 |a Obsahuje bibliografii 
650 0 7 |a skot  |7 ph116163  |2 czenas 
650 0 7 |a chov hospodářských zvířat  |7 ph119201  |2 czenas 
655 7 |a příručky  |7 fd133209  |2 czenas 
830 0 |a Poľnohospodárske aktuality 
910 |a BOA001  |b X-0444.389 
990 |a BK 
991 |b 201811 
996 7 |b 2618958040  |c X-0444.389  |l MZK  |r Sklad / do 24 hodin  |n 0  |w 001696673  |u 000010  |a 1  |e BOA001  |j MZK50  |s A